Ultimate Friends Trivia - Statistics

General Stats
  • This quiz has been taken 115 times
  • The average score is 20 of 25
Answer Stats
Clue Answer % Correct
Character who says the last line of the show Chandler
98%
Color of the sweater that belongs to the father of Rachel's baby Red
97%
Country that Chandler tells Janice he is moving to Yemen
97%
Where Phoebe's boyfriend David moves to Minsk
94%
Color of the walls in Monica's apartment Purple
94%
Only friend to kiss all of the other friends throughout the show Rachel
94%
Where Pete takes Monica for their first date Rome
91%
Chandler's middle name Muriel
88%
Where Emily and Ross were supposed to go on their honeymoon Greece
87%
Furniture store that Phoebe hates Pottery Barn
87%
Monica's apartment number 20
86%
Name of the bald woman Ross dates Bonnie
86%
The name of Joey's stuffed penguin Hugsy
84%
Food that Monica made for Chandler when they met on Thanksgiving Macaroni and cheese
82%
Name of Joey's dancer roommate Janine
81%
What food Monica makes to get over Richard Jam
80%
What Rachel is afraid of because of a childhood accident Swings
80%
What Monica left at the hotel after her and Chandler's romantic getaway Eyelash curler
76%
Language that Gunther speaks fluently Dutch
71%
Name of the comic book Ross wrote as a kid Science Boy
70%
Name of Joey's imaginary friend Maurice
68%
Thanksgiving dish that Chandler makes in season 10 Cranberry sauce
64%
Name that Chandler's coworker mistakenly calls him Toby
62%
Number of roses that Ross sent to Emily to apologize 72
56%
Name of Rachel, Monica, and Ross's high school Lincoln High
46%
No matching quizzes found
Score Distribution
Percent of People with Each Score
Percentile by Number Answered
Your Score History
You have not taken this quiz